Η αρχαιοκαπηλία στην Ελλάδα : σχεδιασμός κινητής έκθεσης με χρήση ψηφιακών τεχνολογιών : μεταπτυχιακή διατριβή
Αποθηκεύτηκε σε:
| Κύριος συγγραφέας: | |
|---|---|
| Συγγραφή απο Οργανισμό/Αρχή: | |
| Άλλοι συγγραφείς: | |
| Μορφή: | Thesis Βιβλίο |
| Γλώσσα: | Greek |
| Δημοσίευση: |
2015.
|
| Θέματα: | |
| Ετικέτες: |
Προσθήκη ετικέτας
Δεν υπάρχουν, Καταχωρήστε ετικέτα πρώτοι!
|
MARC
| LEADER | 00000cam a2200000 a 4500 | ||
|---|---|---|---|
| 001 | 1/114671 | ||
| 008 | 170822s2015####gr | ||| |||| ||gre|| | ||
| 040 | |a GR-MyUa |b gre |c GR-MyUa |e AACR2 | ||
| 041 | 0 | |a gre | |
| 082 | 7 | |a 930 |2 (23) | |
| 100 | 1 | |a Σίγουρα, Ελένη. | |
| 245 | 1 | 2 | |a Η αρχαιοκαπηλία στην Ελλάδα : |b σχεδιασμός κινητής έκθεσης με χρήση ψηφιακών τεχνολογιών : μεταπτυχιακή διατριβή / |c Σίγουρα Ελένη ; επιβλέπουσα: Χουρμουζιάδη Αναστασία. |
| 260 | |c 2015. | ||
| 300 | |a 84 σ. : |b εικ. ; |c 30 εκ. | ||
| 502 | |a Διατριβή (μεταπτυχιακή) - Πανεπιστήμιο Αιγαίου, Λέσβος, 2015. | ||
| 504 | |a Περιλαμβάνει βιβλιογραφία και παράρτημα. | ||
| 506 | 1 | |a Ηλεκτρονική διάθεση μόνο των λέξεων κλειδιών - περιλήψεων. | |
| 650 | 0 | |a Cultural property |x Destruction and pillage |z Greece. | |
| 650 | 0 | |a Classical antiquities |x Destruction and pillage |z Greece. | |
| 650 | 0 | |a Museums |x Technological innovations. |3 | |
| 650 | 0 | |a Archaeological thefts. | |
| 700 | 1 | |a Χουρμουζιάδη, Αναστασία Γ. |e dgsf | |
| 710 | 2 | |a Πανεπιστήμιο Αιγαίου. |b Σχολή Κοινωνικών Επιστημών. |b Τμήμα Πολιτισμικής Τεχνολογίας και Επικοινωνίας. |b Πρόγραμμα Μεταπτυχιακών Σπουδών Πολιτισμική Πληροφορική και Επικοινωνία. | |
| 852 | |a INST |b LESVOS |c DIATR |e 20170822 |h 611 |p 005100059688 |q 005100059688 |t MTXE |y 23 | ||
| 924 | |a Σίγουρα |b Ελένη |y Λέσβος |z 2015-03 | ||
| 970 | |a Πατσή |b Ανθίππη |z 22-08-2017 | ||